Giúp trẻ tự học nên người Sách dùng cho các bậc cha mẹ, gia sư và giáo viên

সংরক্ষণ করুন:
গ্রন্থ-পঞ্জীর বিবরন
প্রধান লেখক: NGUYỄN KỲ
বিন্যাস: গ্রন্থ
ভাষা:Undetermined
প্রকাশিত: Hà Nội Thanh Niên 2001
বিষয়গুলি:
ট্যাগগুলো: ট্যাগ যুক্ত করুন
কোনো ট্যাগ নেই, প্রথমজন হিসাবে ট্যাগ করুন!
Thư viện lưu trữ: Trung tâm Học liệu Trường Đại học Cần Thơ
LEADER 00594nam a2200181Ia 4500
001 CTU_47360
008 210402s9999 xx 000 0 und d
082 |a 649.68 
082 |b K600 
100 |a NGUYỄN KỲ 
245 0 |a Giúp trẻ tự học nên người 
245 0 |b Sách dùng cho các bậc cha mẹ, gia sư và giáo viên 
245 0 |c NGUYỄN KỲ, Nguyễn Nghĩa Dân 
260 |a Hà Nội 
260 |b Thanh Niên 
260 |c 2001 
650 |a child rearing,children - education 
980 |a Trung tâm Học liệu Trường Đại học Cần Thơ